| 000 | 01023nam a2200337 a 4500 | ||
|---|---|---|---|
| 001 | vtls000102517 | ||
| 003 | NLI | ||
| 005 | 20210601201853.0 | ||
| 008 | 101125s1916 ii 000 0 eng | ||
| 020 | _cUSD 5.00 | ||
| 039 | 9 |
_y201011251140 _zVLOAD |
|
| 040 |
_aNLI _beng _cDataSoft _eAACR2 |
||
| 041 | 0 | _aeng | |
| 044 | _aii | ||
| 082 | 0 | 4 | _a320.954 |
| 100 | 1 |
_aMehta, Pherozeshah M. , _cSir _9215888 |
|
| 245 | 1 | 0 |
_aIndia's true representatives / _cby sir Pherozeghah M. Mehta |
| 260 |
_aMadras : _bVasanta Press, _c1916 |
||
| 300 |
_a23 p. ; _c18 cm. |
||
| 440 | 0 |
_aNew India Political Pamphlets ; _v8 _9213683 |
|
| 500 | _aLibrary has 2 cops. | ||
| 650 | 0 |
_aPolitical development _9207000 |
|
| 651 | 0 |
_aIndia _xPolitics and government _92012 |
|
| 887 | _a | ||
| 901 |
_a377145 _b31.07.1965 _9c2 |
||
| 901 |
_a365701 _b22.08.1964 _9c2 |
||
| 902 | _aE320.954 M474 | ||
| 949 |
_AVIRTUAITEM _D10000 _X100 _6PUR000377145ENG |
||
| 942 |
_2ddc _cBKS |
||
| 949 |
_AVIRTUAITEM _D10000 _X100 _6PUR000365701ENG |
||
| 999 |
_aVIRTUA00 _c106932 _d106932 |
||